<?xml version="1.0" encoding="UTF-8"?><collection xmlns="info:lc/xmlns/marcxchange-v2"><record format="Unimarc" type="bibliographic"><leader>01001cam  2200277   450 </leader><controlfield tag="001">1984877</controlfield><controlfield tag="003">http://id.bnportugal.gov.pt/bib/porbase/1984877</controlfield><controlfield tag="005">20030519115400.0</controlfield><datafield ind1=" " ind2=" " tag="010"><subfield code="a">0-387-97430-X</subfield></datafield><datafield ind1=" " ind2=" " tag="035"><subfield code="4">93200</subfield></datafield><datafield ind1=" " ind2=" " tag="095"><subfield code="a">PTBN00696015</subfield></datafield><datafield ind1=" " ind2=" " tag="100"><subfield code="a">19930914d1991    k  y0pory0103    ba</subfield></datafield><datafield ind1="0" ind2=" " tag="101"><subfield code="a">eng</subfield></datafield><datafield ind1=" " ind2=" " tag="102"><subfield code="a">US</subfield></datafield><datafield ind1="1" ind2=" " tag="200"><subfield code="a">&lt;A &gt;basic course in algebraic topology</subfield></datafield><datafield ind1=" " ind2=" " tag="210"><subfield code="a">New York</subfield><subfield code="c">Springer</subfield><subfield code="d">1911</subfield></datafield><datafield ind1=" " ind2=" " tag="215"><subfield code="a">XVI, 428 p</subfield><subfield code="c">il</subfield></datafield><datafield ind1="2" ind2=" " tag="225"><subfield code="a">Graduate texts in mathematics</subfield><subfield code="v">127</subfield></datafield><datafield ind1=" " ind2=" " tag="675"><subfield code="a">515.14</subfield><subfield code="v">med</subfield><subfield code="z">eng</subfield><subfield code="3">304740</subfield></datafield><datafield ind1=" " ind2="1" tag="700"><subfield code="a">Massey</subfield><subfield code="b">William S.</subfield><subfield code="3">502802</subfield></datafield><datafield ind1=" " ind2="0" tag="801"><subfield code="a">PT</subfield><subfield code="b">BN</subfield><subfield code="g">RPC</subfield></datafield><datafield ind1=" " ind2=" " tag="977"><subfield code="1">515.14 MAS*Bas 2 CE</subfield><subfield code="2">coop</subfield><subfield code="4">UASD</subfield><subfield code="6">mq3302284</subfield><subfield code="7">bc</subfield><subfield code="8">coop</subfield><subfield code="9">UASD</subfield><subfield code="k">0</subfield></datafield><datafield ind1=" " ind2=" " tag="977"><subfield code="1">515.14 MAS*Bas CE</subfield><subfield code="2">coop</subfield><subfield code="4">UASD</subfield><subfield code="6">mq3302283</subfield><subfield code="7">bc</subfield><subfield code="8">coop</subfield><subfield code="9">UASD</subfield><subfield code="k">0</subfield></datafield><datafield ind1=" " ind2=" " tag="977"><subfield code="1">55-01/MAS.Bas/ex.1</subfield><subfield code="2">coop</subfield><subfield code="4">UCMA</subfield><subfield code="6">mq3078301</subfield><subfield code="7">bc</subfield><subfield code="8">coop</subfield><subfield code="9">UCMA</subfield><subfield code="k">0</subfield></datafield><datafield ind1=" " ind2=" " tag="977"><subfield code="1">55-01/MAS.Bas/ex.2</subfield><subfield code="2">coop</subfield><subfield code="4">UCMA</subfield><subfield code="6">mq3078302</subfield><subfield code="7">bc</subfield><subfield code="8">coop</subfield><subfield code="9">UCMA</subfield><subfield code="k">0</subfield></datafield><datafield ind1=" " ind2=" " tag="977"><subfield code="1">VERNEY M55/515.1 MAS b</subfield><subfield code="2">coop</subfield><subfield code="4">UEBIB</subfield><subfield code="6">mq2876285</subfield><subfield code="7">bc</subfield><subfield code="8">coop</subfield><subfield code="9">UEBIB</subfield><subfield code="k">0</subfield></datafield><datafield ind1=" " ind2=" " tag="977"><subfield code="1">MAS 515.14 70014 MT</subfield><subfield code="2">coop</subfield><subfield code="4">UTADBG</subfield><subfield code="6">mq3127193</subfield><subfield code="7">bc</subfield><subfield code="8">coop</subfield><subfield code="9">UTADBG</subfield><subfield code="k">0</subfield></datafield><datafield ind1=" " ind2=" " tag="998"><subfield code="a">CMA9-217</subfield></datafield></record></collection>